Statistics for Scottish Football Cities Map

Click here to take the quiz!

General Stats

  • This quiz has been taken 75 times
    (18 since last reset)
  • The average score is 17 of 32

Answer Stats

Answer % Correct
Elgin City
77%
Aberdeen*
& Cove Rangers
77%
Inverness CT
77%
Ross County*
69%
Dundee & Dundee United*
69%
Stranraer
69%
Edinburgh City,
Hearts & Hibernian*
69%
East Fife
69%
Peterhead
69%
Queen of the South
62%
Livingston*
62%
Annan Athletic
54%
St Johnstone*
54%
Dunfermline Athletic
54%
Ayr United
54%
Kilmarnock*
54%
Brechin City
54%
Celtic*,
Partick Thistle,
Queen's Park
& Rangers*
54%
Hamilton Academical*
& Motherwell*
46%
Greenock Morton
46%
St Mirren*
46%
Forfar Athletic
46%
Arbroath
46%
Falkirk & Stenhousemuir
46%
Montrose
46%
Cowdenbeath
46%
Stirling Albion
46%
Airdrieonians
& Albion Rovers
38%
Dumbarton
38%
Raith Rovers
38%
Clyde
31%
Alloa Athletic
23%

Score Distribution

Percentile by Number Answered

Percent of People with Each Score

Your Score History

You have not taken this quiz since the last reset